书目信息 |
| 题名: |
预应力结构理论
|
|
| 作者: | 房贞政 编著 | |
| 分册: | ||
| 出版信息: | 北京 中国建筑工业出版社 2014 |
|
| 页数: | 349页 | |
| 开本: | 26cm | |
| 丛书名: | ||
| 单 册: | ||
| 中图分类: | TU378 | |
| 科图分类: | ||
| 主题词: | 预应力结构--研究生--教材 , 预应力结构 | |
| 电子资源: | ||
| ISBN: | 978-7-112-16641-1 | |
| 000 | 00961nam0 2200253 450 | |
| 001 | 141111 | |
| 005 | 20141106162627.40 | |
| 010 | @a978-7-112-16641-1@dCNY 45.00 | |
| 100 | @a20140818d2014 em y0chiy50 ea | |
| 101 | 0 | @achi@eeng |
| 102 | @aCN@b110000 | |
| 105 | @aa z 000yy | |
| 200 | 1 | @a预应力结构理论@9yu ying li jie gou li lun@b专著@f房贞政编著 |
| 205 | @a2版 | |
| 210 | @a北京@c中国建筑工业出版社@d2014 | |
| 215 | @a349页@c图@d26cm | |
| 300 | @a土木工程专业研究生系列教材 | |
| 330 | @a本书讲述预应力结构的理论及其工程应用。书中的内容着重于部分预应力混凝土结构、无粘结预应力混凝土结构、预应力混凝土超静定结构,预应力混凝土结构的抗震理论和试验研究、同时还介绍了预应力钢-混凝土组合结构、预应力钢结构,以及FRP力筋预应力混凝土结构等新型结构。 | |
| 606 | 0 | @a预应力结构@x研究生@j教材 |
| 606 | 0 | @a预应力结构 |
| 690 | @aTU378@v5 | |
| 701 | 0 | @a房贞政@9fang zhen zheng@f(1949~)@4编著 |
| 801 | 0 | @aCN@bZL@c20141106 |
| 905 | @a241430@dTU378@eF292=2 | |
| 预应力结构理论/房贞政编著.-2版.-北京:中国建筑工业出版社,2014 |
| 349页:图;26cm |
| 土木工程专业研究生系列教材 |
| ISBN 978-7-112-16641-1:CNY 45.00 |
| 本书讲述预应力结构的理论及其工程应用。书中的内容着重于部分预应力混凝土结构、无粘结预应力混凝土结构、预应力混凝土超静定结构,预应力混凝土结构的抗震理论和试验研究、同时还介绍了预应力钢-混凝土组合结构、预应力钢结构,以及FRP力筋预应力混凝土结构等新型结构。 |
| ● |
| 相关链接 |
|
|
|
正题名:预应力结构理论
索取号:TU378/F292=2
 
预约/预借
| 序号 | 登录号 | 条形码 | 馆藏地/架位号 | 状态 | 备注 |
| 1 | 0836949 | 208369497 | 建筑库101/101建筑库 89排1列3层/ [索取号:TU378/F292=2] | 在馆 | |
| 2 | 0836950 | 208369503 | 建筑库101/101建筑库 89排1列3层/ [索取号:TU378/F292=2] | 在馆 | |
| 3 | 0836951 | 208369512 | 建筑库101/101建筑库 89排1列3层/ [索取号:TU378/F292=2] | 在馆 |